Повести и рассказы

Chi tiết về thư mục
Tác giả chính: Фраерман Р. И. Рувим Исаевич
Tác giả khác: Игнатьев Ю. (иллюстратор)
Ngôn ngữ:Tiếng Nga
Được phát hành: Москва, Детская литература, 1976
Những chủ đề:
Định dạng: MixedMaterials Sách
KOHA link:https://koha.lib.tpu.ru/cgi-bin/koha/opac-detail.pl?biblionumber=154612

MARC

LEADER 00000nam0a2200000 4500
001 154612
005 20231101221759.0
035 |a (RuTPU)RU\TPU\book\167706 
090 |a 154612 
100 |a 20090302d1976 de y0rusy50 ca 
101 0 |a rus 
102 |a RU 
105 |a a z 000ay 
200 1 |a Повести и рассказы  |f Р. И. Фраерман  |g худож. Ю. Игнатьев 
210 |a Москва  |c Детская литература  |d 1976 
215 |a 399 с.  |c ил. 
610 1 |a детская литература 
610 1 |a повести 
610 1 |a рассказы 
675 |a Р2  |v 3 
700 1 |a Фраерман  |b Р. И.  |c российский писатель  |f 1891-1972  |g Рувим Исаевич  |2 stltpush  |3 (RuTPU)RU\TPU\pers\37034  |9 20049 
702 1 |a Игнатьев  |b Ю.  |4 440 
801 1 |a RU  |b 63413507  |c 20090302  |g PSBO 
801 2 |a RU  |b 63413507  |c 20160808  |g RCR 
942 |c BK